000 00551nam a2200205 a 4500
005 20210219153215.0
008 991125n 000 0 u
035 _aUPN01000084204
100 _aMoonie, Neil
222 _aEDUCATIONAL AND TRAINING TECHNOLOGY INTERNATIONAL
245 _aKnowledge bases and frameworks
300 _a216-226
362 _a29, No. 3, 1992
505 _aMarzo 1993
653 0 _aCOMPETENCIA
653 0 _aDESEMPEÑO EN EL TRABAJO
653 0 _aOBJETIVOS EDUCATIVOS
904 _aAC
_b022015
905 _aArticulo
999 _c71080
_d71080